Ekonomika odvetví vybrané kapitoly z ekonomiky poľnohospodárstva, lesného a vodného hospodárstva

Enregistré dans:
Détails bibliographiques
Auteur principal: Horniak, Viliam
Collectivité auteur: Vysoká škola ekonomická v Bratislave. Fakulta ekonomiky služieb a cestovného ruchu v Banskej Bystrici
Format: Livre
Langue:slovaque
Publié: Bratislava VŠE 1979
Tags: Ajouter un tag
Pas de tags, Soyez le premier à ajouter un tag!

MARC

LEADER 00000nam a2200000 4500
001 0222772
005 20240822101701.9
041 0 |a slo 
044 |a SK 
245 1 0 |a Ekonomika odvetví  |b vybrané kapitoly z ekonomiky poľnohospodárstva, lesného a vodného hospodárstva  |c Viliam Horniak 
264 1 |a Bratislava  |b VŠE  |c 1979 
300 |a 219 s. 
100 1 |a Horniak, Viliam 
710 2 |a Vysoká škola ekonomická v Bratislave. Fakulta ekonomiky služieb a cestovného ruchu v Banskej Bystrici